Untitled Quiz - Statistics

General Stats
  • This quiz has been taken 19 times
  • The average score is 6 of 10
Answer Stats
Question Answer % Correct
What rhymes with tree grow? Knee grow
92%
What is a whip used for? Disobeying animals
77%
Which animals are most commonly caged? Monkeys
77%
What rhymes with inflammation? Segregation
69%
Which one is black? Tapunui20
69%
What is your ENPS? 1000ps
62%
What rhymes with trigger? Bigger
62%
Which one is yellow? OG geoask
54%
How many balls (toy balls) does an average person have? 8
46%
What rhymes with Chinese? Anthony Albanese
38%
No matching quizzes found
Score Distribution
Percent of People with Each Score
Percentile by Number Answered
Your Score History
You have not taken this quiz